Catálogo público

Hogares (Record no. 38954)

MARC details
000 -CABECERA
campo de control de longitud fija 01054cam a22003017a 4500
003 - IDENTIFICADOR DEL NÚMERO DE CONTROL
campo de control CHAP
005 - FECHA Y HORA DE LA ÚLTIMA TRANSACCIÓN
campo de control 20220329135605.0
008 - DATOS DE LONGITUD FIJA--INFORMACIÓN GENERAL
campo de control de longitud fija 971013s1993 r 00010 d
010 ## - NÚMERO DE CONTROL DE LA BIBLIOTECA DEL CONGRESO
Número de control de LC 38954
011 ## - ENLACE DEL NUMERO DE CONTROL DE LA BIBLIOTECA DEL CONGRESO [OBSOLETO]
Número de control de LC 39926
035 ## - NÚMERO DE CONTROL DEL SISTEMA
Número de control de sistema 44051
040 ## - FUENTE DE LA CATALOGACIÓN
Centro/agencia transcriptor CHAP
082 ## - NÚMERO DE LA CLASIFICACIÓN DECIMAL DEWEY
Número de clasificación 312.0972
Número de documento/Ítem I58h 1990
110 ## - ENTRADA PRINCIPAL--NOMBRE DE ENTIDAD CORPORATIVA
Nombre de entidad corporativa o nombre de jurisdicción como elemento de entrada Instituto Nacional de Estadística, Geografía e Informática. México
9 (RLIN) 59304
245 #0 - MENCIÓN DE TÍTULO
Título Hogares
Resto del título : tabulados temáticos, 1990
260 ## - PUBLICACIÓN, DISTRIBUCIÓN, ETC.
Lugar de publicación, distribución, etc. Aguascalientes, Ags. :
Nombre del editor, distribuidor, etc. INEGI,
Fecha de publicación, distribución, etc. 1993
300 ## - DESCRIPCIÓN FÍSICA
Extensión 616 p.
590 ## - NOTA LOCAL (RLIN)
Nota local BATCH-UPD
Procedencia (VM) [OBSOLETO] 10
Condición del los carretes individuales (VM) [OBSOLETO] 20130110
-- UCH01
-- 1509
590 ## - NOTA LOCAL (RLIN)
Nota local BATCH-UPD
Procedencia (VM) [OBSOLETO] 10
Condición del los carretes individuales (VM) [OBSOLETO] 20130410
-- UCH01
-- 0927
590 ## - NOTA LOCAL (RLIN)
Nota local BATCH-UPD
Procedencia (VM) [OBSOLETO] 10
Condición del los carretes individuales (VM) [OBSOLETO] 20130914
-- UCH01
-- 1340
590 ## - NOTA LOCAL (RLIN)
Nota local CONVERSION
Procedencia (VM) [OBSOLETO] 10
Condición del los carretes individuales (VM) [OBSOLETO] 20130109
-- UCH01
-- 1322
650 14 - PUNTO DE ACCESO ADICIONAL DE MATERIA--TÉRMINO DE MATERIA
Término de materia o nombre geográfico como elemento de entrada Familia
Subdivisión general Estadísticas.
9 (RLIN) 39406
650 14 - PUNTO DE ACCESO ADICIONAL DE MATERIA--TÉRMINO DE MATERIA
Término de materia o nombre geográfico como elemento de entrada Población
Subdivisión general Estadísticas
Subdivisión geográfica México.
9 (RLIN) 89385
901 ## - ELEMENTOS DE DATOS A LOCAL LDA (RLIN)
a BK
942 ## - ELEMENTOS DE PUNTO DE ACCESO ADICIONAL (KOHA)
Tipo de ítem Koha Libro
949 ## - PROCESAMIENTO DE INFORMACIÓN LOCAL (OCLC)
a 312.0972 I58h 1990
b BC
c INEGI
d 33724000487559
e INEGI
g I. c/e
h 87647
i 44051
s i
949 ## - PROCESAMIENTO DE INFORMACIÓN LOCAL (OCLC)
a 312.0972 I58h 1990
b BC
c INEGI
d 33724000487641
e INEGI
f c.2
g I. c/e
h 87648
i 44051
s i
Holdings
Estado de retiro Estado de pérdida Fuente del sistema de clasificación o colocación Estado dañado Restricciones de uso No para préstamo Código de colección Localización permanente Ubicación/localización actual Ubicación en estantería Fecha de adquisición Fuente de adquisición Información codificada de la localización en otra ubicación Total de préstamos Signatura topográfica completa Código de barras Fecha visto por última vez Precio válido a partir de Tipo de ítem Koha Número de copia
    Dewey Decimal Classification   Préstamo interno   Publicaciones INEGI Biblioteca Central Biblioteca Central Planta baja - Colección INEGI 31/12/2019 I. c/e LIBRO   312.0972 I58h 1990 33724000487559 31/12/2019 31/12/2019 Libro  
    Dewey Decimal Classification   Préstamo interno   Publicaciones INEGI Biblioteca Central Biblioteca Central Planta baja - Colección INEGI 31/12/2019 I. c/e LIBRO   312.0972 I58h 1990 33724000487641 31/12/2019 31/12/2019 Libro c.2